Invisible MLB Teams Quiz Stats

 Plays Quiz Updated Jul 3, 2017

Support Sporcle.
Go Orange.
Score 0/30 Timer 02:00
0 Plays Today
Team % Correct
Cincinnati Reds
94.9%
New York Yankees
94.1%
Oakland Athletics
90.8%
Boston Red Sox
90.7%
Chicago White Sox
89.7%
New York Mets
88.4%
Chicago Cubs
87.8%
Los Angeles Dodgers
85.8%
Miami Marlins
85.7%
Houston Astros
84.3%
Tampa Bay Rays
83.4%
San Francisco Giants
83.4%
Texas Rangers
82.8%
Seattle Mariners
82.4%
Baltimore Orioles
82.1%
Team % Correct
St. Louis Cardinals
81.6%
Toronto Blue Jays
81.5%
Atlanta Braves
81.5%
Los Angeles Angels
80.9%
Washington Nationals
79.9%
Pittsburgh Pirates
79.3%
Cleveland Indians
79.1%
Philadelphia Phillies
78.4%
Minnesota Twins
78.1%
Arizona Diamondbacks
77.9%
San Diego Padres
76.9%
Detroit Tigers
76.7%
Milwaukee Brewers
76.6%
Kansas City Royals
76.5%
Colorado Rockies
75.7%

You're not logged in!

Compare scores with friends on all Sporcle quizzes.
OR
Log In
Forgot?

From the Vault

Comedy Movie Taglines

by uterfan

His news is bigger than your news.
Remove Ads.
Support Sporcle.
Get the best of Sporcle when you Go Orange. This ad-free experience offers more features, more stats, and more fun while also helping to support Sporcle. Thank you for becoming a member.

Show Comments

Extras

Top Quizzes Today


Score Distribution

Your Account Isn't Verified!

In order to create a playlist on Sporcle, you need to verify the email address you used during registration. Go to your Sporcle Settings to finish the process.

Report this User

Report this user for behavior that violates our Community Guidelines.

Details: